000 nas a22 7a 4500
999 _c138898
_d138896
005 20180306115735.0
008 180306s19999999-mxz||p| |||| 00| a1spa d
022 _a14059274
050 0 4 _aF1219
_bD47 2000
245 0 0 _aDesacatos :
_bRevista de antropología social.
260 _aMéxico :
_bCIESAS,,
_c2000
310 _aCuatro veces al año
362 0 _aNúmero 3 (primavera, 2000)
500 _aTítulo tomado de la cubierta.
500 _aCada número tiene un título distintivo.
550 _aPublicación del Centro de Investigaciones y Estudios Superiores en Antropología Social
555 _aNo. 3 (primavera, 2000)-
588 _aDescripción basada en No. 3 (primavera, 2000)-
650 2 _aEtnología.
_vPublicaciones seriadas.
650 2 _aAntropología.
710 2 _aCentro de Investigaciones y Estudios Superiores en Antropología Social (México)
942 _2lcc
_cREV